Životné cesty z pohľadu slovenských vykokoškolákov

Odpovede na otázky smerujúce k preferovanej životnej ceste a hodnotovej orientácii mladých ľudí. Životná cesta úzko súvisí s mierou spokojnosti človeka s vlastným životom, duševnou pohodou a celkovou kvalitou života osobnosti.

Na minha lista:
Detalhes bibliográficos
Autor principal: Chmelárová, Zuzana, 1967-
Formato: Capítulo de Livro
Idioma:eslovaco
Assuntos:
Tags: Adicionar Tag
Sem tags, seja o primeiro a adicionar uma tag!

MARC

LEADER 00000nla a2200000 4500
001 0195854
005 20240502083457.9
041 0 |a slo 
044 |a CZ 
245 1 0 |a Životné cesty z pohľadu slovenských vykokoškolákov  |c Zuzana Chmelárová 
520 |a Odpovede na otázky smerujúce k preferovanej životnej ceste a hodnotovej orientácii mladých ľudí. Životná cesta úzko súvisí s mierou spokojnosti človeka s vlastným životom, duševnou pohodou a celkovou kvalitou života osobnosti. 
610 2 0 |a študenti 
610 2 0 |a vysokoškoláci 
610 2 0 |a vzťahy medziľudské 
610 2 0 |a sebarealizácia 
610 2 0 |a kvalita života 
610 2 0 |a hodnota 
610 2 0 |a psychológia sociálna 
100 1 |a Chmelárová, Zuzana, 1967-